Top 100 cantanti e gruppi italiani più importanti e famosi - Statistics

Statistiche generali
  • Questo quiz è stato fatto 1.583 volte
  • Il punteggio medio è 61 su 100
Statistiche sulle risposte
Canzoni Risposta % Corretto
Albachiara, Come nelle favole Vasco Rossi
89%
Il ragazzo della via Gluck, Azzurro Adriano Celentano
88%
Zitti e buoni, Beggin' Maneskin
88%
A fra l'amore comincia tu, Pedro Raffaella Carrà
88%
Andavo a cento all'ora, Fatti mandare dalla mamma Gianni Morandi
85%
Non sono una signora, E la luna bussò Loredana Bertè
85%
Hanno ucciso l'uomo ragno, La regina del Celebrità 883
84%
Felicità, Nostalgia canaglia Al Bano Carrisi
84%
Se telefonando, Grande grande grande Mina
84%
Nel blu dipinto di blu, Tu si na cosa grande Domenico Modugno
82%
Bocca di rosa, Don Raffae Fabrizio De Andrè
82%
Maria Salvador, Vorrei ma non posto J-Ax
82%
Più bella cosa, Terra promessa Eros Ramazzotti
81%
Io canto, La solitudine Laura Pausini
81%
A te, Serenata rap Lorenzo Jovanotti
81%
Certe notti, Urlando contro il cielo Luciano Ligabue
81%
Piazza Grande, Caruso Lucio Dalla
81%
Sere nere, Ti scatterò una foto Tiziano Ferro
81%
Brividi, Soldi Mahmood
80%
Se bruciasse la città, Perdere l'amore Massimo Ranieri
80%
Laura non c'è, Lascia che io sia Nek
80%
Sarà perché ti amo, Che sarà Ricchi e Poveri
80%
Luce, A modo tuo Elisa
79%
La canzone del sole, Il mio canto libero Lucio Battisti
79%
Triangolo, I migliori anni della nostra vita Renato Zero
79%
Notte prima degli esami, Sotto il segno dei pesci Antonello Venditti
78%
Cigno nero, Senza pagare Fedez
78%
Fin che la barca va, Mille Orietta Berti
78%
Sono fuori dal tunnel, Vieni a ballare in Puglia Caparezza
77%
Bello e impossibile, Sei nell'anima Gianna Nannini
77%
La notte, Sincerità Arisa
76%
Su di noi, Gelato al cioccolato Pupo
76%
Come neve, Quando una stella muore Giorgia
75%
L'isola che non c'è, Il gatto e la volpe Edoardo Bennato
74%
Gloria, Ti amo Umberto Tozzi
74%
Napule è, Je so pazzo Pino Daniele
73%
Vivo per lei, Con te partirò Andrea Bocelli
71%
Centro di gravità permanente, Voglio vederti danzare Franco Battiato
71%
Uomini soli, Dammi solo un minuto Pooh
71%
A mano a mano, Ma il cielo è sempre più blu Rino Gaetano
71%
Gli uomini non cambiano, Almeno tu nell'universo Mia Martini
70%
Tran tran, Cupido Sfera Ebbasta
69%
E tu..., Strada facendo Claudio Baglioni
68%
Quello che le donne non dicono, Il cielo d'Irlanda Fiorella Mannoia
68%
Guantanamera, Vedo nero Zucchero
67%
Rimmel, Generale Francesco De Gregori
66%
Sapore di sale, Il cielo in una stanza Gino Paoli
66%
Maledetta primavera, Io nascerò Loretta Goggi
66%
Grande amore, Un amore così grande Il Volo
63%
Io vagabondo, Un pugno di sabbia Nomadi
63%
Meraviglioso, Estate Negramaro
62%
Iris, Non vivo più senza te Biagio Antonacci
61%
La riva bianca la riva nera, Zingara Iva Zanicchi
61%
Tranne te, Bugiardo Fabri Fibra
60%
L'amour toujours, Bla bla bla Gigi D'Agostino
60%
Pensiero stupendo, La bambola Patty Pravo
60%
Samarcanda, Luci a San Siro Roberto Vecchioni
60%
Gente di mare, Cosa resterà degli anni 80' Raf
58%
L'italiano, Buonanotte Toto Cotugno
58%
La terra di cachi, La canzone mononota Elio e le Storie Tese
57%
Bella senz'anima, Margherita Riccardo Cocciante
57%
King del rap, Crazy love Marracash
54%
Datemi un martello, Viva la pappa col pomodoro Rita Pavone
54%
Mistero, Si può dare di più Enrico Ruggeri
52%
Tutto il resto è noia, Un'estate fa Franco Califano
51%
L'appuntamento, Domani è un altro giorno Ornella Vanoni
51%
Figli delle stelle, Non so che darei Alan Sorrenti
50%
Ti lascerò, Donna con te Anna Oxa
49%
Non ho l'età, Alle porte del sole Gigliola Cinquetti
49%
Ci vuole un fisico bestiale, Farfallina Luca Carboni
49%
Spaccacuore, Giudizi universali Samuele Bersani
49%
Nessuno mi può giudicare, Insieme a te non ci sto più Caterina Caselli
47%
La locomotiva, Auschwitz Francesco Guccini
47%
Bruci la città, Bum bum Irene Grandi
47%
Destra sinistra, La libertà Giorgio Gaber
46%
Ma che freddo fa, Re di denari Nada
45%
Alla fiera dell'est, La pulce d'acqua Angelo Branduardi
44%
Blue, Move your body Eiffel 65
44%
Campanaro, Grazie dei fiori Nilla Pizzi
44%
Tu vuo fa l'americano, 'O sarracino Renato Carosone
44%
Una lacrima sul viso, Se piangi se ridi Bobby Solo
42%
Mi manchi, A chi Fausto Leali
42%
Mi sono innamorato di te, Vedrai vedrai Luigi Tenco
42%
T'innamorerai, Ci vorrebbe il mare Marco Masini
41%
Ho visto un re, Vengo anch'io no tu no Enzo Jannacci
39%
La mia banda suona il rock, Luna diamante Ivano Fossati
39%
Ti sento, Solo tu Matia Bazar
38%
Il tuo mondo, Un amore così grande Claudio Villa
36%
Buongiorno a te, La mia canzone al vento Luciano Pavarotti
36%
Che coss'é l'amor, Il ballo di San Vito Vinicio Capossela
34%
La cumparsita, Alexanderplatz Milva
31%
Il cuore è uno zingaro, Chitarra suona più piano Nicola Di Bari
31%
Roberta, Luna caprese Peppino di Capri
31%
Ma che freddo fa, L'ultimo bacio Carmen Consoli
29%
Lugano addio, Agnese Ivan Graziani
28%
Quando quando quando, Uno per tutte Tony Renis
28%
Via con me, Sparring Partner Paolo Conte
25%
Al centro della musica, Piove Ron
21%
L'immensità, Arriva la bomba Johnny Dorelli
20%
Impressioni di settembre, La carrozza di Hans Premiata Forneria Marconi
19%
Nessun quiz corrispondente trovato
Distribuzione punteggi
Percentuale di utenti per punteggio
Percentile per numero di risposta
I tuoi punteggi nel tempo
Non hai fatto questo quiz